La Pintura Cusqueña en la Ideología Andina / (Record no. 1990)

000 -CABECERA
fixed length control field 01092nam a22002657a 4500
003 - IDENTIFICADOR DEL NÚMERO DE CONTROL
control field AR-CdUCM
008 - DATOS DE LONGITUD FIJA--INFORMACIÓN GENERAL
fixed length control field 190228b ||||| |||| 00| 0 sp d
020 ## - NÚMERO INTERNACIONAL ESTÁNDAR DEL LIBRO
ISBN 978-612-00-0920-8
040 ## - FUENTE DE LA CATALOGACIÓN
Agencia/entidad que catalogó originalmente la obra MUNICIPALIDAD PROVINCIAL DEL CUSCO
Entidad que transcribió la catalogación BIBLIOTECA MUNICIPAL DEL CUSCO
082 ## - NÚMERO DE LA CLASIFICACIÓN DECIMAL DEWEY
No. de Clasificación 985.61 /
Notacion interna H56
100 ## - ENTRADA PRINCIPAL--NOMBRE DE PERSONA
Nombre Personal Hinojosa Gálvez, Alfredo
245 ## - MENCIÓN DE TÍTULO
Título La Pintura Cusqueña en la Ideología Andina /
Mención de responsabilidad Hinojosa Gálvez, Alfredo
260 ## - PUBLICACIÓN, DISTRIBUCIÓN, ETC.
Lugar de publicación, distribución, etc. Lima :
Nombre de la editorial, distribuidor, etc. Super Grafica,
Fecha de publicación, distribución, etc. 2012.
300 ## - DESCRIPCIÓN FÍSICA
Nº de Páginas Extensión 376 paginas ;
Otros detalles físicos ilustraciones, fotos,
Dimensiones 23cm.
505 ## - NOTA DE CONTENIDO CON FORMATO
Nota de contenido formateada Contenido: Historiografía andina -- Evolución del arte en los andes -- El arte Inca -- Religión Inca -- La invasión española -- Fundación española de la ciudad del Cusco -- La evangelización ...
650 ## - PUNTO DE ACCESO ADICIONAL DE MATERIA--TÉRMINO DE MATERIA
Descriptor Pintura Cusqueña
9 (RLIN) 7254
650 ## - PUNTO DE ACCESO ADICIONAL DE MATERIA--TÉRMINO DE MATERIA
Descriptor Literatura
9 (RLIN) 83
650 ## - PUNTO DE ACCESO ADICIONAL DE MATERIA--TÉRMINO DE MATERIA
Descriptor Perú
9 (RLIN) 35
700 ## - PUNTO DE ACCESO ADICIONAL--NOMBRE DE PERSONA
Nombre Personal Hinojosa Gálvez, Alfredo
9 (RLIN) 7253
700 ## - PUNTO DE ACCESO ADICIONAL--NOMBRE DE PERSONA
Nombre Personal Alvardo Lobaton, María Elena
9 (RLIN) 7255
700 ## - PUNTO DE ACCESO ADICIONAL--NOMBRE DE PERSONA
Nombre Personal Hinojosa Escalante, Xiomara del Rosario
9 (RLIN) 7256
942 ## - ELEMENTOS DE PUNTO DE ACCESO ADICIONAL (KOHA)
Fuente de clasificación
Tipo de item Libros-BMC
945 ## - PROCESAMIENTO DE INFORMACIÓN LOCAL (OCLC)
Catalogador pjha
AAAA-MM-DD - Fecha de ingreso o modificacion 2019-02-28
Holdings
Estado de retiro (separado) Fuente de clasificación o esquema de estanterías Estado dañado Ubicación Sala donde se ubica Nombre de la colección Fecha de adquisición o compra Costo, precio normal en soles Signatura topográfica Código de Barras Última vez visto (Koha) Tipo de ítem (Koha)
No     Sala Humanidades Sala Humanidades Book Cart 2019-02-28 50.00 985.61 / H56 SH0000001962 2019-02-28 Libros-BMC
No     Sala Humanidades Sala Humanidades Book Cart 2019-03-04 50.00 985.61 / H56 / e.2 SH0000002814 2019-03-04 Libros-BMC

Powered by Koha